Biscuit-shooter.

Bibliographic Details
Main Author: Adams, Clifton
Format: Book
Language:English
Published: Garden City, N.Y. : Doubleday, 1971.
Edition:[1st ed.].
Series:DD western

MARC

Tag First Indicator Second Indicator Subfields
LEADER 00000cam a2200000 4500
001 in00000715621
005 20151016061815.0
008 710203s1971 nyu 00001 eng
010 |a  70131062  
035 |a (OCoLC)00125610 
035 |9 ADD3334AM 
037 |c $4.50 
040 |a DLC  |c DLC  |d TXA  |d UtOrBLW 
049 |a TXAS  |c [1090951] 
050 0 0 |a PZ3.A21133  |b Bi 
082 0 |a 813/.5/4 
100 1 |a Adams, Clifton. 
245 1 0 |a Biscuit-shooter. 
250 |a [1st ed.]. 
264 1 |a Garden City, N.Y. :  |b Doubleday,  |c 1971. 
300 |a 182 pages ;  |c 22 cm. 
336 |a text  |b txt  |2 rdacontent 
337 |a unmediated  |b n  |2 rdamedia 
338 |a volume  |b nc  |2 rdacarrier 
490 0 |a DD western 
999 |a MARS 
999 f f |s e933083a-160e-3dd6-97fd-5b26325ca4bd  |i 90972fb2-e6f0-3b96-8924-52f9b6891854  |t 0 
952 f f |p noncirc  |a Texas A&M University  |b College Station  |c Cushing Memorial Library & Archives  |d Cushing: Dykes (Does not check out)  |t 0  |e PZ3.A21133 Bi  |h Library of Congress classification  |i unmediated -- volume  |m A14851895699 
998 f f |a PZ3.A21133 Bi  |t 0  |l Cushing: Dykes (Does not check out)